Most loved Countries - Statistics

General Stats
  • This quiz has been taken 111 times
  • The average score is 8 of 10
Answer Stats
Rank Country % Correct
1st Canada
96%
6th Finland
84%
2nd Norway
82%
3rd Sweden
82%
8th Denmark
79%
5th Australia
77%
4th Switzerland
74%
7th New Zealand
71%
9th Netherlands
64%
10th Belgium
62%
No matching quizzes found
Score Distribution
Percent of People with Each Score
Percentile by Number Answered
Your Score History
You have not taken this quiz